000 01225nam a2200325 i 4500
003 EG-GICUC
005 20260121101721.0
008 260112s2010 ua ||||fr|||| 001 0 ara d
017 _a2009/19102
040 _a EG-GICUC
_bara
_c EG-GICUC
_d EG-GICUC
_erda
041 _aara
082 0 4 _a343.425
_bم ح . و
_221
092 0 4 _221
099 _aLaw1 10 343.425 م ح . و ed 1 - 2010 1006344
100 0 _aمحمد الشهاوي.
_eمؤلف.
245 1 0 _aوسائل الإعلام والحق في الخصوصية :
_bدراسة مقارنة /
_cالمستشار الدكتور محمد الشهاوي.
250 _aالطبعة الأولى،
264 1 _aالقاهرة :
_bدار النهضة العربية،
_c2010.
300 _a175 صفحة ؛
_c24 سم.
336 _2rda content
_atext
337 _2rda media
_aComputer
338 _2rda carrier
_aOnline Resource
504 _aيشتمل على ارجاعات ببليوجرافية.
546 _aالنص باللغة العربية
650 1 _aالتشريعات المتعلقة بالصحافة.
_2qrmak
651 1 _2qrmak
856 4 0 _uhttps://fll.law.cu.edu.eg/fulltext/bks/B10-06344.pdf
905 _a18
942 _2ddc
_n0
_cBK
_e21
999 _c56648
_d56648